000 01304nam a2200301 i 4500
003 DO-SdBNP
005 20250710104537.0
007 ta
008 250710b2025 dr ||||| |||| 00| 0 spa d
020 _a9789945185140
040 _aDO-SdBNP
_bspa
_cBNPHU
_erda
041 _aspa
082 4 _axxx
_bL296p
_222
100 1 _aLantigua, Ivelisse
_eautor
_4aut.
_988305
245 1 0 _aPalabra viva :
_bconéctate con tu verdadero propósito de vida /
_cIvelisse Altagracia Lantigua de Díaz ; diagramación y edición, Carlos Díaz.
250 _aPrimera edición
264 4 _aSanto Domingo, República Dominicana :
_bEditora Centenario,
_c©2025.
300 _a138 páginas ;
_c22 cm.
336 _atexto
_btxt
_2rdacontent
337 _asin mediación
_bn
_2rdamedia
338 _avolumen
_bnc
_2rdacarrier
500 _aIncluye datos biográficos de la autora en la solapa de la contracubierta.
500 _aPorque la palabra de Dios es viva y eficaz, y mas cortante que toda espada de dos filos; y penetra hasta partir el alma y el espíritu, las coyunturas y los tuétanos, y discierne los pensamientos y las intenciones del corazón. Hebreos 4:12
590 _aInventariado, 2025 /LP
700 1 _aDíaz, Carlos
_ediagramador, editor
_4diag. ed.
_976090
910 _aLP
942 _2ddc
_cLBS1
999 _c59483
_d59483